000 00561nam a2200205Ia 4500
003 BUBTL
008 151213s9999 xx 000 0 und d
020 _a316739510
082 _a005.133RED
100 _aReingold,Edward M.
_92071
245 _aData Structures /
_cEdward M.Reingold , Wilfred J.Hansen
260 _aU.S.A :
_bLittle Brown & Company,
_cc1999.
300 _a540 p. :
650 _aComputer
650 _aComputer
700 _aHansen,Wilfred J.
_92072
856 _k0
_l0
_yDownload
942 _2ddc
_cBK
999 _c3266
_d3266